[Event "GER-ch 2014-D-V5 serv"]
[Site "GER email"]
[Date "2014.09.29"]
[Round "?"]
[White "Kienel, Norbert"]
[Black "Komanns, Theodor"]
[Result "1/2-1/2"]
[WhiteElo "1905"]
[BlackElo "1943"]
[PlyCount "49"]
[EventDate "2014.10.06"]
[EventType "tourn (corr)"]
[EventRounds "6"]
[EventCountry "GER"]
[SourceTitle "Corr 2020"]
[Source "ChessBase"]
[SourceDate "2019.09.30"]
[SourceVersion "1"]
[SourceVersionDate "2019.09.30"]
[SourceQuality "1"]

1. d4 d5 2. c4 e6 3. Nf3 Be7 4. Nc3 Nf6 5. Bg5 h6 6. Bh4 0-0 7. e3 Nbd7 8. Rc1 dxc4 9. Bxc4 a6 10. a4 c5 11. 0-0 Qa5 12. Ne4 cxd4 13. Nxd4 Qb4 14. Nxe6 fxe6 15. Bxe6+ Kh8 16. Rc4 Qxb2 17. Bxd7 Nxe4 18. Rxe4 Bxh4 19. Rxh4 Bxd7 20. Qxd7 Rad8 21. Qg4 Rd2 22. Qb4 Rdxf2 23. Rxh6+ Kg8 24. Qc4+ R8f7 25. Qc8+ 1/2-1/2

[Event "GER-ch 2014-D-V5 serv"]
[Site "GER email"]
[Date "2014.09.29"]
[Round "?"]
[White "Komanns, Theodor"]
[Black "Haumann, Joachim"]
[Result "1/2-1/2"]
[WhiteElo "1939"]
[BlackElo "2088"]
[PlyCount "60"]
[EventDate "2014.10.06"]
[EventType "tourn (corr)"]
[EventRounds "6"]
[EventCountry "GER"]
[SourceTitle "Corr 2015"]
[Source "ChessBase"]
[SourceDate "2015.07.17"]
[SourceVersion "1"]
[SourceVersionDate "2015.07.17"]
[SourceQuality "1"]

1. e4 c5 2. Nf3 Nc6 3. Nc3 e6 4. d4 cxd4 5. Nxd4 Qc7 6. Be2 a6 7. 0-0 Nf6 8. Be3 Be7 9. f4 d6 10. Qd2 0-0 11. Rad1 Bd7 12. a3 b5 13. Qe1 Rab8 14. Kh1 Nxd4 15. Bxd4 Bc6 16. Qg3 g6 17. Bf3 Rfd8 18. e5 Nd7 19. exd6 Bxd6 20. Bxc6 Qxc6 21. Qh4 Re8 22. Rf3 h5 23. Qe1 e5 24. fxe5 Nxe5 25. Rf6 Nf3 26. Qf2 Nxd4 27. Qxd4 Bc5 28. Qf4 Qb7 29. Rf1 Be3 30. Qg3 Rbd8 1/2-1/2

[Event "GER-ch 2014-D-V5 serv"]
[Site "GER email"]
[Date "2014.09.29"]
[Round "?"]
[White "Wassilieff, Hans Dieter"]
[Black "Komanns, Theodor"]
[Result "1/2-1/2"]
[WhiteElo "2033"]
[BlackElo "1943"]
[PlyCount "113"]
[EventDate "2014.10.06"]
[EventType "tourn (corr)"]
[EventRounds "6"]
[EventCountry "GER"]
[SourceTitle "Corr 2020"]
[Source "ChessBase"]
[SourceDate "2019.09.30"]
[SourceVersion "1"]
[SourceVersionDate "2019.09.30"]
[SourceQuality "1"]

1. e4 c5 2. Nf3 d6 3. d4 cxd4 4. Nxd4 Nf6 5. Nc3 a6 6. Be3 e5 7. Nf3 Be7 8. Bc4 0-0 9. 0-0 Nc6 10. Bg5 Be6 11. Bb3 Nd7 12. Bxe7 Qxe7 13. Nd5 Qd8 14. Re1 Nc5 15. c3 Rc8 16. Bc2 Ne7 17. Ne3 Qb6 18. b3 Nd7 19. c4 Rfd8 20. Qd2 Nf6 21. a4 a5 22. Rad1 Rd7 23. h3 Qc5 24. Rb1 Nc6 25. Nd5 Bxd5 26. exd5 Ne7 27. Bd3 h6 28. Re3 Nh5 29. Rbe1 Re8 30. Nh4 Nf4 31. Kh2 Rf8 32. g3 Nxd3 33. Qxd3 f5 34. f4 e4 35. Qd2 g5 36. fxg5 hxg5 37. Nf3 Nxd5 38. cxd5 exf3 39. Rxf3 Rg7 40. Rc1 Qb6 41. Kg2 f4 42. gxf4 g4 43. Re3 Qd8 44. Rg3 gxh3+ 45. Kxh3 Qd7+ 46. Kg2 Rxg3+ 47. Kxg3 Qf5 48. Qe3 Rf7 49. Re1 Qxd5 50. Qe8+ Kg7 51. Rg1 Kf6 52. Qd8+ Re7 53. Qf8+ Rf7 54. Qh6+ Ke7 55. Qg5+ Qxg5+ 56. fxg5 b5 57. Re1+ 1/2-1/2

[Event "GER-ch 2014-A-V6 serv"]
[Site "GER email"]
[Date "2014.02.14"]
[Round "?"]
[White "Knoeppel, Peter Otto"]
[Black "Komanns, Theodor"]
[Result "1/2-1/2"]
[WhiteElo "1733"]
[BlackElo "1939"]
[PlyCount "108"]
[EventDate "2014.02.24"]
[EventType "tourn (corr)"]
[EventRounds "6"]
[EventCountry "GER"]
[SourceTitle "Corr 2015"]
[Source "ChessBase"]
[SourceDate "2015.07.17"]
[SourceVersion "1"]
[SourceVersionDate "2015.07.17"]
[SourceQuality "1"]

1. e4 e5 2. Nf3 Nc6 3. Bb5 a6 4. Ba4 Nf6 5. d3 d6 6. c4 Bg4 7. h3 Bh5 8. Be3 Be7 9. Nc3 0-0 10. g4 Bg6 11. Qe2 Na7 12. 0-0 c5 13. Nh4 Nc6 14. Nxg6 hxg6 15. f4 exf4 16. Bxf4 Nd7 17. Qd2 Nde5 18. Bxc6 bxc6 19. Rad1 g5 20. Bxe5 dxe5 21. Ne2 Rb8 22. Kg2 g6 23. Rf2 Kg7 24. Rdf1 Rb4 25. Nc3 f6 26. Qc2 Qd4 27. Rf3 Rbb8 28. Na4 Rh8 29. Qf2 Qd6 30. Qe1 Rb4 31. b3 Rh4 32. Qe3 Rb7 33. Qc1 Rb8 34. Qd2 Rhh8 35. Qe1 Rb7 36. Qa5 Ra7 37. R1f2 Raa8 38. Qe1 Qc7 39. Rf1 Rab8 40. Qe3 Qd6 41. Qd2 Rb4 42. Qe1 Rbb8 43. Qa5 Rhf8 44. Rc1 Ra8 45. Re1 Rfb8 46. Rg1 Ra7 47. Rgf1 Rf8 48. Qe1 Rh8 49. Qd2 Raa8 50. Qa5 Rae8 51. Rd1 Ra8 52. Rh1 Ra7 53. Rc1 Rb8 54. Rh1 Rh8 1/2-1/2

[Event "GER-ch 2013-F-V4 serv"]
[Site "GER email"]
[Date "2013.12.23"]
[Round "?"]
[White "Packroff, Hermann"]
[Black "Komanns, Theodor"]
[Result "1-0"]
[WhiteElo "1933"]
[BlackElo "1986"]
[PlyCount "71"]
[EventDate "2013.12.31"]
[EventType "tourn (corr)"]
[EventRounds "6"]
[EventCountry "GER"]
[SourceTitle "Corr 2015"]
[Source "ChessBase"]
[SourceDate "2015.07.17"]
[SourceVersion "1"]
[SourceVersionDate "2015.07.17"]
[SourceQuality "1"]

1. e4 e5 2. Nf3 Nc6 3. Bb5 a6 4. Bxc6 dxc6 5. 0-0 f6 6. d4 exd4 7. Nxd4 c5 8. Nb3 Qxd1 9. Rxd1 Bg4 10. f3 Be6 11. Bf4 c4 12. Nd4 0-0-0 13. Nc3 Bc5 14. Nce2 Ne7 15. Be3 Rd6 16. Nf5 Bxe3+ 17. Nxe3 Rhd8 18. Kf2 b5 19. Rxd6 Rxd6 20. h4 Bf7 21. Nf4 Nc6 22. a4 Kb7 23. axb5 axb5 24. Ke1 Rd8 25. Rd1 Rxd1+ 26. Kxd1 Ne7 27. Kd2 Kc6 28. Ne2 Kd6 29. Nd4 Kc5 30. Ndf5 Nxf5 31. Nxf5 g6 32. Nh6 Be6 33. c3 b4 34. g4 g5 35. Nf5 Bxf5 36. gxf5 1-0

[Event "GER-ch 2013-D-V7 serv"]
[Site "GER email"]
[Date "2013.10.08"]
[Round "?"]
[White "Hopp, Karlheinz"]
[Black "Komanns, Theodor"]
[Result "1-0"]
[WhiteElo "2023"]
[BlackElo "1986"]
[PlyCount "91"]
[EventDate "2013.10.20"]
[EventType "tourn (corr)"]
[EventRounds "6"]
[EventCountry "GER"]
[SourceTitle "Corr 2015"]
[Source "ChessBase"]
[SourceDate "2015.07.17"]
[SourceVersion "1"]
[SourceVersionDate "2015.07.17"]
[SourceQuality "1"]

1. d4 Nf6 2. c4 e6 3. Nc3 Bb4 4. e3 0-0 5. Bd3 b6 6. Nge2 d5 7. 0-0 dxc4 8. Bxc4 Bb7 9. a3 Bd6 10. Ng3 Nbd7 11. f4 c5 12. d5 exd5 13. Nxd5 Nxd5 14. Bxd5 Bxd5 15. Qxd5 Nf6 16. Qf3 c4 17. e4 Bc5+ 18. Be3 Qc7 19. e5 Bxe3+ 20. Qxe3 Nd5 21. Qf3 Rad8 22. Rad1 Ne7 23. Ne4 b5 24. Kh1 a6 25. Rd6 Nf5 26. Rxa6 Nd4 27. Qh3 h6 28. Re1 Ne6 29. Qg4 Qc8 30. Rb6 Nc5 31. Qxc8 Rxc8 32. Nd6 Rb8 33. Rxb8 Rxb8 34. g3 g5 35. f5 Kf8 36. e6 fxe6 37. fxe6 Ke7 38. Nf5+ Kf6 39. e7 Re8 40. Nxh6 Ne6 41. Rd1 Kxe7 42. Nf5+ Kf6 43. Nd6 Rd8 44. Ne4+ Ke7 45. Rxd8 Kxd8 46. Kg2 1-0

[Event "GER-ch 2013-D-V7 serv"]
[Site "GER email"]
[Date "2013.10.08"]
[Round "?"]
[White "Komanns, Theodor"]
[Black "Koch, Hans Georg"]
[Result "0-1"]
[WhiteElo "1986"]
[BlackElo "2101"]
[PlyCount "68"]
[EventDate "2013.10.20"]
[EventType "tourn (corr)"]
[EventRounds "6"]
[EventCountry "GER"]
[SourceTitle "Corr 2015"]
[Source "ChessBase"]
[SourceDate "2015.07.17"]
[SourceVersion "1"]
[SourceVersionDate "2015.07.17"]
[SourceQuality "1"]

1. d4 Nf6 2. c4 g6 3. Nc3 Bg7 4. e4 d6 5. Be2 0-0 6. Nf3 e5 7. d5 a5 8. Bg5 h6 9. Be3 Na6 10. Nd2 Nd7 11. a3 f5 12. f3 Nf6 13. exf5 gxf5 14. Qc2 Qe7 15. 0-0-0 c6 16. Rhg1 cxd5 17. cxd5 Nc7 18. Nc4 b5 19. Nb6 Rb8 20. Nxb5 Nxb5 21. Bxb5 f4 22. Bf2 e4 23. Bd4 Bf5 24. Bc6 Bh7 25. Qe2 Qf7 26. fxe4 Nxe4 27. Nd7 Rfe8 28. Qc4 Rbd8 29. Nb6 Re7 30. Bxg7 Qxg7 31. Na4 Rb8 32. Qd4 Nf6 33. Rd3 Bxd3 34. Qxd3 Re3 0-1

[Event "GER-ch 2013-B-V7 serv"]
[Site "GER email"]
[Date "2013.04.23"]
[Round "?"]
[White "Komanns, Theodor"]
[Black "Draeger, Wolfgang"]
[Result "0-1"]
[WhiteElo "2002"]
[BlackElo "2108"]
[PlyCount "55"]
[EventDate "2013.05.01"]
[EventType "tourn (corr)"]
[EventRounds "6"]
[EventCountry "GER"]
[SourceTitle "Corr 2015"]
[Source "ChessBase"]
[SourceDate "2015.07.17"]
[SourceVersion "1"]
[SourceVersionDate "2015.07.17"]
[SourceQuality "1"]

1. c4 e5 2. Nc3 Nc6 3. Nf3 Nf6 4. e4 Bb4 5. d3 d6 6. Be2 0-0 7. 0-0 Bc5 8. Be3 Nd4 9. Rb1 Nxf3+ 10. Bxf3 Bxe3 11. fxe3 a6 12. d4 c6 13. Rc1 h6 14. Qd3 Re8 15. Rcd1 Qe7 16. a4 a5 17. Rf2 Bd7 18. Qc2 Ng4 19. Bxg4 Bxg4 20. Rd3 Bh5 21. d5 Bg6 22. Qd1 Red8 23. Rfd2 Rab8 24. Qb3 Qc7 25. Rd1 Kh7 26. c5 dxc5 27. d6 Qd7 28. Rd5 0-1

[Event "GER-ch 2013-A-V8 serv"]
[Site "GER email"]
[Date "2013.02.16"]
[Round "?"]
[White "Komanns, Theodor"]
[Black "Schaffarth, Peter"]
[Result "1/2-1/2"]
[WhiteElo "1987"]
[BlackElo "1836"]
[PlyCount "107"]
[EventDate "2013.02.25"]
[EventType "tourn (corr)"]
[EventRounds "6"]
[EventCountry "GER"]
[SourceTitle "Corr 2015"]
[Source "ChessBase"]
[SourceDate "2015.07.17"]
[SourceVersion "1"]
[SourceVersionDate "2015.07.17"]
[SourceQuality "1"]

1. c4 Nf6 2. Nc3 e6 3. d4 Bb4 4. e3 c5 5. Nf3 b6 6. Bd3 Bb7 7. Bd2 0-0 8. 0-0 cxd4 9. exd4 d5 10. cxd5 Nxd5 11. Re1 Be7 12. Rc1 Nd7 13. Qe2 N7f6 14. Ne5 Nb4 15. Bc4 Qxd4 16. Bg5 Qc5 17. a3 Nc6 18. Bxf6 Nd4 19. Qg4 Bxf6 20. Nd7 Qg5 21. Qxg5 Bxg5 22. Rcd1 Nc2 23. Nxf8 Nxe1 24. Nxe6 fxe6 25. Rxe1 Rd8 26. Nb5 Rd2 27. b4 a5 28. Rxe6 Bd5 29. Re8+ Kf7 30. Nd6+ Kg6 31. f3 Bh4 32. g3 Bf6 33. Bxd5 Rxd5 34. Re6 Rd3 35. bxa5 bxa5 36. Nc4 Kf5 37. Ra6 Rxf3 38. Kg2 Rc3 39. Rxa5+ Ke6 40. Ra6+ Kd5 41. Nd6 h5 42. Ne8 Be5 43. Rg6 h4 44. a4 hxg3 45. hxg3 Ra3 46. Rg4 Ke6 47. Nxg7+ Bxg7 48. Rxg7 Rxa4 49. Kh3 Kf6 50. Rg8 Kf7 51. Rg5 Kf6 52. Rg8 Kf7 53. Rg5 Kf6 54. Rg8 1/2-1/2

[Event "GER-ch 2013-A-V8 serv"]
[Site "GER email"]
[Date "2013.02.16"]
[Round "?"]
[White "Komanns, Theodor"]
[Black "Semmelroth, Heinz Dieter"]
[Result "1/2-1/2"]
[WhiteElo "1987"]
[BlackElo "2102"]
[PlyCount "72"]
[EventDate "2013.02.25"]
[EventType "tourn (corr)"]
[EventRounds "6"]
[EventCountry "GER"]
[SourceTitle "Corr 2015"]
[Source "ChessBase"]
[SourceDate "2015.07.17"]
[SourceVersion "1"]
[SourceVersionDate "2015.07.17"]
[SourceQuality "1"]

1. c4 Nf6 2. Nc3 e5 3. Nf3 Nc6 4. g3 d5 5. cxd5 Nxd5 6. Bg2 Nb6 7. 0-0 Be7 8. d3 0-0 9. Be3 Be6 10. d4 exd4 11. Nxd4 Nxd4 12. Bxd4 c6 13. b3 Re8 14. e4 Nd7 15. Ne2 Qa5 16. Nf4 Bf6 17. Bxf6 Nxf6 18. Qe1 Qc5 19. Rc1 Qb6 20. Qc3 Rad8 21. Rcd1 Bg4 22. Rxd8 Rxd8 23. h3 Bc8 24. Bf3 h6 25. e5 Nh7 26. h4 Nf8 27. Rd1 Rxd1+ 28. Bxd1 Ne6 29. Nxe6 Bxe6 30. Bf3 Qd8 31. Kg2 Bd5 32. Qe3 Bxf3+ 33. Qxf3 Qd4 34. Qe2 c5 35. Qf3 b6 36. Qe2 Qd5+ 1/2-1/2

[Event "GER-ch 2013-A-V8 serv"]
[Site "GER email"]
[Date "2013.02.16"]
[Round "?"]
[White "Krabbe, Wolf Dieter"]
[Black "Komanns, Theodor"]
[Result "1-0"]
[WhiteElo "2089"]
[BlackElo "1987"]
[PlyCount "139"]
[EventDate "2013.02.25"]
[EventType "tourn (corr)"]
[EventRounds "6"]
[EventCountry "GER"]
[SourceTitle "Corr 2015"]
[Source "ChessBase"]
[SourceDate "2015.07.17"]
[SourceVersion "1"]
[SourceVersionDate "2015.07.17"]
[SourceQuality "1"]

1. e4 e5 2. Nf3 Nc6 3. Bb5 a6 4. Ba4 Nf6 5. 0-0 Be7 6. Re1 b5 7. Bb3 0-0 8. c3 d6 9. h3 Na5 10. Bc2 c5 11. d4 Qc7 12. d5 Bd7 13. b3 g6 14. Be3 Nh5 15. Nbd2 Nb7 16. Bd3 Bf6 17. a3 Bg7 18. c4 Nf4 19. Bf1 b4 20. Kh2 Rfb8 21. Qc2 a5 22. a4 Nh5 23. g3 Re8 24. Nh4 Bf6 25. Ng2 Bg7 26. Be2 Nf6 27. g4 h6 28. Rh1 Kh7 29. Rag1 Rh8 30. Ne1 Kg8 31. Nf1 Qd8 32. Kg2 Nh7 33. h4 Bf6 34. Kg3 Bg7 35. Bc1 Qe7 36. Ne3 Nf6 37. h5 Nh7 38. Kg2 Ng5 39. Rh2 Re8 40. Nf1 Qf6 41. Ng3 Qe7 42. hxg6 fxg6 43. Nd3 Nf7 44. f4 g5 45. fxg5 Nxg5 46. Nf2 Rf8 47. Nf5 Qd8 48. Rgh1 Qf6 49. Qd3 Kf7 50. Bxg5 hxg5 51. Rh7 Rxh7 52. Rxh7 Rg8 53. Qh3 Be8 54. Qh5+ Kf8 55. Nxg7 Bxh5 56. Ne6+ Ke8 57. gxh5 g4 58. Rxb7 Qh6 59. Rb8+ Kf7 60. Nd8+ Kg7 61. Rb7+ Kf8 62. Bxg4 Qe3 63. Ne6+ Ke8 64. Ng7+ Kf8 65. h6 Qxh6 66. Nf5 Qf6 67. Kf1 Rg5 68. Rd7 Rxf5 69. Bxf5 Qh6 70. Kg2 1-0

[Event "GER-ch 2013-A-V8 serv"]
[Site "GER email"]
[Date "2013.02.16"]
[Round "?"]
[White "Reichgeld, Manfred"]
[Black "Komanns, Theodor"]
[Result "0-1"]
[WhiteElo "2004"]
[BlackElo "1987"]
[PlyCount "150"]
[EventDate "2013.02.25"]
[EventType "tourn (corr)"]
[EventRounds "6"]
[EventCountry "GER"]
[SourceTitle "Corr 2015"]
[Source "ChessBase"]
[SourceDate "2015.07.17"]
[SourceVersion "1"]
[SourceVersionDate "2015.07.17"]
[SourceQuality "1"]

1. d4 Nf6 2. c4 e6 3. Nc3 Bb4 4. Qc2 c5 5. dxc5 Bxc5 6. Nf3 Nc6 7. Bf4 b6 8. a3 0-0 9. h3 Bb7 10. e3 Rc8 11. Be2 Be7 12. 0-0 Na5 13. b3 d5 14. Rfd1 Qe8 15. Ne5 Nc6 16. Nf3 Na5 17. Ne5 Nc6 18. Bf3 Nxe5 19. Bxe5 Bc6 20. a4 dxc4 21. Bxc6 Rxc6 22. Nb5 cxb3 23. Qxb3 Qa8 24. a5 Rc5 25. Bg3 Qb7 26. a6 Qa8 27. f3 Rfc8 28. e4 h6 29. Kh1 Nh5 30. Bd6 Bxd6 31. Nxd6 Rf8 32. Nb7 Rc7 33. Rd2 Qe8 34. Rad1 Qe7 35. Nd6 Qg5 36. Nb5 Rc1 37. Rxc1 Qxd2 38. Rd1 Qa5 39. Nxa7 Qxa6 40. Nc6 Ra8 41. Rb1 Nf4 42. Qc2 b5 43. Ne5 f6 44. Nd3 Rc8 45. Qb3 Nxd3 46. Qxd3 Rc5 47. Kh2 Qb6 48. Rd1 Rc8 49. Qd7 Qb8+ 50. Rd6 Re8 51. e5 fxe5 52. Rc6 Qd8 53. Qb7 e4 54. fxe4 Qg5 55. Qc7 Kh7 56. Rc3 Qe7 57. Qc6 b4 58. Rb3 Rb8 59. e5 Qf7 60. Qd6 Qf4+ 61. Rg3 h5 62. Qxe6 Kh8 63. Qg6 Qxe5 64. Kg1 Re8 65. Rd3 Qb5 66. Kh2 Qb8+ 67. Kg1 Re1+ 68. Kf2 Re5 69. Kg1 Qc7 70. Qg3 Kh7 71. Kh2 Rc5 72. Rd6 Kg8 73. Re6 Qxg3+ 74. Kxg3 Rb5 75. Re2 Kf7 0-1

[Event "GER-ch 2012-C-V1 serv"]
[Site "GER email"]
[Date "2013.??.??"]
[Round "?"]
[White "Komanns, Theodor"]
[Black "Just, Joachim"]
[Result "1/2-1/2"]
[WhiteElo "2047"]
[BlackElo "2007"]
[PlyCount "83"]
[EventDate "2012.07.12"]
[EventType "tourn (corr)"]
[EventRounds "6"]
[EventCountry "GER"]
[SourceTitle "Corr 2015"]
[Source "ChessBase"]
[SourceDate "2015.07.17"]
[SourceVersion "1"]
[SourceVersionDate "2015.07.17"]
[SourceQuality "1"]

1. c4 e5 2. Nc3 Nf6 3. Nf3 Nc6 4. g3 Bb4 5. Bg2 0-0 6. 0-0 Bxc3 7. bxc3 Re8 8. Rb1 b6 9. Qc2 h6 10. d3 Rb8 11. Nd2 Bb7 12. e4 d6 13. Re1 Qd7 14. Nf1 Ne7 15. Ne3 Ng4 16. Nd5 c6 17. Qa4 Bc8 18. Ne3 Qc7 19. Qd1 Nxe3 20. Bxe3 c5 21. Rb2 Nc6 22. Qe2 Be6 23. Qh5 Qd7 24. f4 f6 25. f5 Bf7 26. Qg4 Kh7 27. a4 Na5 28. Ra1 Rbd8 29. Rb5 Re7 30. Bf3 Qe8 31. Kg2 Kh8 32. Qh4 Qf8 33. g4 Kg8 34. Qg3 Be8 35. Rb2 Qf7 36. h4 g5 37. Rh1 Qf8 38. Kf1 Rdd7 39. Rbh2 Rh7 40. Qh3 Qe7 41. Bd1 Rc7 42. Ke2 1/2-1/2

[Event "GER-ch 2012-G-V8 serv"]
[Site "GER email"]
[Date "2012.12.10"]
[Round "?"]
[White "Komanns, Theodor"]
[Black "Lelgemann, Ludwig"]
[Result "1/2-1/2"]
[WhiteElo "1989"]
[BlackElo "2023"]
[PlyCount "126"]
[EventDate "2012.12.31"]
[EventType "tourn (corr)"]
[EventRounds "6"]
[EventCountry "GER"]
[SourceTitle "Corr 2015"]
[Source "ChessBase"]
[SourceDate "2015.07.17"]
[SourceVersion "1"]
[SourceVersionDate "2015.07.17"]
[SourceQuality "1"]

1. c4 e5 2. Nc3 Nf6 3. Nf3 Nc6 4. g3 d5 5. cxd5 Nxd5 6. Bg2 Nb6 7. d3 Be7 8. a4 a5 9. Be3 0-0 10. 0-0 Be6 11. d4 exd4 12. Nxd4 Nxd4 13. Bxd4 c6 14. Ne4 Qc7 15. Qc2 Rad8 16. Rfd1 Bf5 17. Qb3 Nd5 18. Rac1 Rfe8 19. Nc3 Nb4 20. Nd5 Nxd5 21. Bxd5 Bb4 22. Bc4 h6 23. Be3 Bg6 24. Kg2 Rxd1 25. Rxd1 b5 26. Bd3 Bxd3 27. Rxd3 c5 28. Rd5 c4 29. Qd1 Qb7 30. Kg1 bxa4 31. Qxa4 Qxd5 32. Qxe8+ Kh7 33. Bb6 c3 34. bxc3 Bxc3 35. Qa4 g6 36. Be3 h5 37. h3 Qe6 38. Qc2 Be5 39. Qe4 Qd6 40. g4 hxg4 41. hxg4 Kg7 42. Kg2 Bb2 43. g5 Qd7 44. Bc5 a4 45. f3 Kh7 46. Qh4+ Kg8 47. Qe4 Qc8 48. Qe7 Qa8 49. e4 Bg7 50. Qd7 Bf8 51. Bxf8 Kxf8 52. Qd4 Kg8 53. e5 Qa5 54. Qd6 a3 55. e6 Qxg5+ 56. Kf2 a2 57. Qb8+ Kg7 58. Qb2+ Qf6 59. Qxa2 Qe5 60. Qc4 fxe6 61. f4 Qd5 62. Qc3+ Kf7 63. Kg3 Qf5 1/2-1/2

[Event "GER-ch 2012-F-V8 serv"]
[Site "GER email"]
[Date "2012.11.05"]
[Round "?"]
[White "Klapp, Herwig"]
[Black "Komanns, Theodor"]
[Result "1/2-1/2"]
[WhiteElo "2130"]
[BlackElo "1989"]
[PlyCount "93"]
[EventDate "2012.11.19"]
[EventType "tourn (corr)"]
[EventRounds "6"]
[EventCountry "GER"]
[SourceTitle "Corr 2015"]
[Source "ChessBase"]
[SourceDate "2015.07.17"]
[SourceVersion "1"]
[SourceVersionDate "2015.07.17"]
[SourceQuality "1"]

1. d4 Nf6 2. c4 e6 3. Nf3 b6 4. g3 Bb7 5. Bg2 Be7 6. Nc3 0-0 7. Qc2 c5 8. d5 exd5 9. cxd5 Bxd5 10. Nxd5 Nxd5 11. Ne5 Nb4 12. Qd1 N4c6 13. Bf4 Bf6 14. Nxd7 Qxd7 15. Qxd7 Nxd7 16. Bxc6 Rad8 17. 0-0-0 Ne5 18. Bb5 g5 19. Bxe5 Bxe5 20. e3 Kg7 21. Bd7 h5 22. Rd5 Rfe8 23. Rhd1 Re7 24. h3 Kf6 25. R1d3 Bd4 26. Bc6 Rxd5 27. Bxd5 Be5 28. Bf3 Kg6 29. Rd5 f5 30. Bd1 f4 31. exf4 gxf4 32. Bxh5+ Kf6 33. gxf4 Bxf4+ 34. Kc2 Re5 35. Rxe5 Bxe5 36. b3 Bd4 37. f3 Kg5 38. Bg4 Kf4 39. Kd3 b5 40. h4 b4 41. Kc4 Bf2 42. h5 Kg5 43. Kb5 Bd4 44. Kc6 Be3 45. Kd6 Bd4 46. Ke6 Bg7 47. Kf7 1/2-1/2

[Event "GER-ch 2012-F-V8 serv"]
[Site "GER email"]
[Date "2012.11.05"]
[Round "?"]
[White "Komanns, Theodor"]
[Black "Michel, Klaus"]
[Result "1-0"]
[WhiteElo "1989"]
[BlackElo "1943"]
[PlyCount "83"]
[EventDate "2012.11.19"]
[EventType "tourn (corr)"]
[EventRounds "6"]
[EventCountry "GER"]
[SourceTitle "Corr 2015"]
[Source "ChessBase"]
[SourceDate "2015.07.17"]
[SourceVersion "1"]
[SourceVersionDate "2015.07.17"]
[SourceQuality "1"]

1. c4 Nf6 2. Nc3 e5 3. Nf3 Nc6 4. g3 Bb4 5. Bg2 0-0 6. 0-0 Bxc3 7. bxc3 Re8 8. d3 e4 9. Nd4 exd3 10. exd3 Nxd4 11. cxd4 d5 12. Bf4 Be6 13. c5 Qd7 14. Qb3 c6 15. Rfb1 Bf5 16. a4 b6 17. cxb6 axb6 18. Qxb6 Bxd3 19. Rc1 Ra6 20. Qc7 Qf5 21. Ra3 g5 22. Be5 c5 23. Qxc5 Ne4 24. Bxe4 dxe4 25. Bc7 Qg4 26. Re1 Rc8 27. Rc3 h6 28. d5 Rxa4 29. d6 Qd7 30. Qd5 Ba6 31. Rc5 Bd3 32. h3 Rf8 33. g4 Ba6 34. Bb6 Bb7 35. Qd1 Ra3 36. Rc7 Qb5 37. Re3 Ra6 38. Rxb7 Rxb6 39. Rxb6 Qxb6 40. d7 Rd8 41. Rxe4 Qc7 42. Re8+ 1-0

[Event "GER-ch66 V02 email"]
[Site "GER email"]
[Date "2012.??.??"]
[Round "?"]
[White "Komanns, Theodor"]
[Black "Schulze, Guenter"]
[Result "1/2-1/2"]
[WhiteElo "2047"]
[BlackElo "1999"]
[PlyCount "82"]
[EventDate "2011.10.01"]
[EventType "tourn (corr)"]
[EventRounds "6"]
[EventCountry "GER"]
[SourceTitle "Corr 2015"]
[Source "ChessBase"]
[SourceDate "2015.07.17"]
[SourceVersion "1"]
[SourceVersionDate "2015.07.17"]
[SourceQuality "1"]

1. c4 Nf6 2. d4 e6 3. Nc3 Bb4 4. Nf3 c5 5. e3 0-0 6. Bd3 d5 7. 0-0 dxc4 8. Bxc4 Nbd7 9. Qe2 b6 10. a3 cxd4 11. axb4 dxc3 12. bxc3 Bb7 13. Rd1 Qc7 14. Bb5 a6 15. Bxa6 Bxa6 16. Rxa6 Rxa6 17. Qxa6 Qxc3 18. Bd2 Qb3 19. Rc1 Qd5 20. Qc4 Ra8 21. Qxd5 Nxd5 22. Kf1 h6 23. Nd4 Ra2 24. Rc8+ Kh7 25. Rc2 Ra4 26. Ke2 e5 27. Nf5 e4 28. Nd6 Ne5 29. Nxe4 Nxb4 30. Rc8 Na6 31. f3 b5 32. Nc3 Ra5 33. f4 Nc4 34. Be1 Ra3 35. Nxb5 Rxe3+ 36. Kf2 Rb3 37. Rxc4 Rxb5 38. Ke3 f5 39. Bc3 Nc5 40. Rb4 Rxb4 41. Bxb4 Ne4 1/2-1/2

[Event "GER-ch60 V01 email"]
[Site "GER email"]
[Date "2011.??.??"]
[Round "?"]
[White "Komanns, Theodor"]
[Black "Adam, Horst"]
[Result "1-0"]
[WhiteElo "2097"]
[BlackElo "1644"]
[PlyCount "71"]
[EventDate "2011.??.??"]
[EventType "tourn (corr)"]
[EventRounds "6"]
[EventCountry "GER"]
[SourceTitle "Corr 2015"]
[Source "ChessBase"]
[SourceDate "2015.07.17"]
[SourceVersion "1"]
[SourceVersionDate "2015.07.17"]
[SourceQuality "1"]

1. e4 e5 2. Nf3 Nc6 3. Bb5 a6 4. Ba4 Nf6 5. 0-0 Be7 6. Re1 b5 7. Bb3 0-0 8. d4 d6 9. c3 Bg4 10. Be3 exd4 11. cxd4 Na5 12. Bc2 c5 13. h3 Bh5 14. Nbd2 cxd4 15. Bxd4 Nc6 16. Qb1 Bg6 17. a4 Nxd4 18. Nxd4 Qb6 19. N2f3 bxa4 20. Nf5 Bxf5 21. exf5 Ra7 22. Bd3 a5 23. Qa2 Qb3 24. Qxb3 axb3 25. Nd4 Bd8 26. Nc6 Rb7 27. Nxa5 Bxa5 28. Rxa5 h6 29. Rea1 Rfb8 30. Ra8 Rxa8 31. Rxa8+ Kh7 32. f3 h5 33. Ra6 d5 34. Kf2 Rb4 35. Ra7 Kg8 36. Ra8+ 1-0

[Event "GER-ch57 V02 email"]
[Site "GER email"]
[Date "2010.09.07"]
[Round "?"]
[White "Komanns, Theodor"]
[Black "Gierth, Karlheinz"]
[Result "0-1"]
[WhiteElo "2097"]
[BlackElo "2187"]
[PlyCount "68"]
[EventDate "2010.??.??"]
[EventType "tourn (corr)"]
[EventRounds "6"]
[EventCountry "GER"]
[SourceTitle "Corr 2015"]
[Source "ChessBase"]
[SourceDate "2015.07.17"]
[SourceVersion "1"]
[SourceVersionDate "2015.07.17"]
[SourceQuality "1"]

1. e4 c6 2. Nc3 d5 3. Nf3 Bg4 4. h3 Bxf3 5. Qxf3 Nf6 6. e5 Nfd7 7. d4 e6 8. Bf4 c5 9. dxc5 Nc6 10. Qg3 Qa5 11. 0-0-0 d4 12. Nb5 a6 13. Nxd4 Nxd4 14. Rxd4 Bxc5 15. Rxd7 Kxd7 16. Bc4 Rag8 17. c3 Qc7 18. Bd3 g5 19. Bd2 h6 20. f4 gxf4 21. Qxf4 Rxg2 22. Qxf7+ Be7 23. Rd1 Rf8 24. Bb5+ Kc8 25. Qxe6+ Kb8 26. Bf1 Rh2 27. Bxh6 Rff2 28. Qg8+ Bf8 29. Be2 Rhg2 30. Qxf8+ Rxf8 31. Bxf8 Qb6 32. Bd6+ Ka8 33. Re1 Qe3+ 34. Kd1 Qxh3 0-1

[Event "GER-ch57 V02 email"]
[Site "GER email"]
[Date "2010.??.??"]
[Round "?"]
[White "Klapp, Herwig"]
[Black "Komanns, Theodor"]
[Result "1/2-1/2"]
[WhiteElo "2300"]
[BlackElo "2097"]
[PlyCount "64"]
[EventDate "2010.??.??"]
[EventType "tourn (corr)"]
[EventRounds "6"]
[EventCountry "GER"]
[SourceTitle "Corr 2015"]
[Source "ChessBase"]
[SourceDate "2015.07.17"]
[SourceVersion "1"]
[SourceVersionDate "2015.07.17"]
[SourceQuality "1"]

1. e4 e5 2. Nf3 Nc6 3. Bb5 a6 4. Ba4 Nf6 5. 0-0 b5 6. Bb3 Bd6 7. d4 Bb7 8. Bg5 h6 9. Bh4 g5 10. Bg3 Nxe4 11. Nxe5 Bxe5 12. Bxe5 Nxe5 13. dxe5 d5 14. Nd2 Qe7 15. Nxe4 dxe4 16. e6 fxe6 17. Qh5+ Qf7 18. Qh3 Qf5 19. Qc3 0-0-0 20. a4 Rhf8 21. axb5 axb5 22. Qe3 Rd6 23. Rad1 Bd5 24. Bxd5 exd5 25. Qa7 g4 26. c3 h5 27. Qa5 c6 28. Ra1 Kd7 29. Qb6 Ke6 30. Ra7 Qf6 31. Rh7 Kf5 32. Qe3 Qg5 1/2-1/2